Recueil international de législation sanitaire; Vol.49(2)/1998

Zapisane w:
Opis bibliograficzny
1. autor: OMS
Format: Książka
Język:Undetermined
Wydane: Genève OMS 1998
Etykiety: Dodaj etykietę
Nie ma etykietki, Dołącz pierwszą etykiete!
Thư viện lưu trữ: Trung tâm Học liệu Trường Đại học Cần Thơ
LEADER 00469nam a2200169Ia 4500
001 CTU_34746
008 210402s9999 xx 000 0 und d
082 |a 614 
082 |b O.68/V49.2 
100 |a OMS 
245 0 |a Recueil international de législation sanitaire; Vol.49(2)/1998 
245 0 |c OMS 
260 |a Genève 
260 |b OMS 
260 |c 1998 
904 |i Nguyễn Quang Điền, 991230 
980 |a Trung tâm Học liệu Trường Đại học Cần Thơ